000 00942nam a2200265Ia 4500
003 OSt
005 20220923211218.0
006 a|||||r|||| 00| 0
007 ta
008 220922b |||||||| |||| 00| 0 hin d
020 _a9788126715312 (hbk)
_c350
024 _a317,777
037 _b9354, 27/03/2017, Rajkamal Prakashan Pvt. Ltd
_cTextual
040 _aARTS
_cARTS
_bhin
041 _2hin
_ahin
082 _aO152,3NAN,DD, P8
100 _aअनामिका, ले.
_9159739
245 0 _aदस द्वारे का पींजरा
246 _aDas dvāre kā pīanjarā
260 _aनयी दिल्ली
_b राजकमल प्रकाशन
_c2008
300 _a271पृ.
_ccm.
650 _aहिन्दी कहानी
942 _hO152,3NAN,DD, P8
_cTEXL
_2CC
999 _c296988
_d296988